000 00531nam a2200229 a 4500
001 nice12345678
003 IN_TiNIC
005 20260116012924.0
008 050524s1981 lona grp 000 0 eng
020 _a0571906
_c190
082 0 0 _a962
_bHIR
100 _aHirst, David
245 _aSadat
260 _aLondon
_bFaber and Faber Limited
_c1981
300 _a384p
500 _aincludes index and biblioraphy
505 2 _aIndex
650 _aEgypt-History
902 _bSRS
942 _cBK
999 _c8907
_d8907